| 000 | 00701nam a2200181Ia 4500 | ||
|---|---|---|---|
| 005 | 20250508160346.0 | ||
| 008 | 008 250505s9999 xx 000 0 eng d | ||
| 037 | _aBooks to be hide in OPAC | ||
| 040 |
_aFEDL _beng _cFEDL |
||
| 041 |
_aeng _2eng |
||
| 084 |
_a379.154, AIE/O _qFEDL |
||
| 245 | 0 | _aPreparatory seminar of experts on university teaching for educational planning New Delhi, December 16-21, 1968: Preliminary report | |
| 245 | 0 | _cASIAN INSTITUTE OF EDUCATIONAL PLANNING AND ADMINISTRATION | |
| 260 |
_aNew Delhi, India _bAsian Institute of Educational Planning and Administration _c1969 |
||
| 300 | _a32p. | ||
| 942 |
_cHB _h379.154, AIE/O |
||
| 999 |
_c1363991 _d1363991 |
||